Statistiques concernant Culture Générale - Série 608

Cliquez ici pour prendre le quiz!

Statistiques générales

  • Ce quiz a été pris 171 fois
  • Le résultat moyen est 7 sur 10

Statistiques - réponses

QuestionRéponse% Correct
Sur quelle partie du corps doit-on enfiler des leggings ?jambes
97%
Pour les épreuves de niveau international, combien de couloirs une piste d'athlétisme doit-elle comporter ?8
96%
Quel pilote français de Formule 1 est surnommé "le Professeur" ?Alain Prost
79%
Par quel nom d'animal surnomme-t-on le chanteur Christophe Willem ?tortue
75%
Si vous croisez un pétrel géant en terre Adélie, sur quel continent êtes-vous ?Antarctique
73%
Quel roman de Dan Brown s'ouvre par le meurtre de Jacques Saunière, conservateur du musée du Louvre ?Da Vinci Code
73%
En 1977, quel arbuste ornemental à la floraison spectaculaire a été chanté par Claude François ?magnolia
71%
Quel est le pays le plus oriental du continent africain ?Somalie
63%
Comme son nom l'indique, quel procédé d'impression utilise quatre couleurs ?quadrichromie
24%
Quel homme de télévision a écrit “La Cuisse de Jupiter”, en 1974 ?Philippe Bouvard
7%

Distribution des résultats

Percentile par nombre de réponses

% des personnes avec chaque résultat

Votre développement - résultats

Vous n’avez pas pris ce quiz